000 01203nam a2200229Ia 4500
003 Ost
005 20260507075741.0
008 260507s9999||||xx |||||||||||||| ||und||
040 _cfsecg
041 _aara
082 _a914
100 _aالزوكة، محمد خميس
_eمؤلف
245 0 _aأوروبا دراسة في الجغرافيا الاقليمية /
_c محمد خميس الزوكة
260 _aالاسكندرية:
_bدار المعرفة الجامعية,
_c2003
300 _a209 صفحة؛
_bإيضاحات ؛
_c24 سم
504 _aالمراجع ص.597 فهرس الخرائط ص.601
520 _aالجغرافيا العامة،الجغرافيا الطبيعية،البنية والتضاريس،المناخ،التربو والنبات الطبيعي،جغرافية السكان،جغرافية النقل،النشاط الاقتصادي،الدراسات الاقليمية،بين دول غربي أوروبا،من دول شمالي اوروبا،بين دول شرقي أوروبا،بين دول جنوب أوروبا
653 _aالتضاريس
653 _aالجغرافيا الاقليمية
653 _aأوروبا
942 _cكتاب
999 _c46139
_d46139